000 00723cam a2200193 4500500
005 20260111080254.0
041 _afre
042 _adc
100 1 0 _aDegron, Robin
_eauthor
245 0 0 _aL’agenda financier France 2022 : un tournant des lois de programmation et de la décentralisation ?
260 _c2018.
500 _a6
690 _abudget
690 _afinances des administrations publiques
690 _afinances locales
690 _aloi de programmation des finances publiques (LPFP)
786 0 _nGestion & Finances Publiques | 1 | 1 | 2018-01-01 | p. 7-15 | 1969-1009
856 4 1 _uhttps://droit.cairn.info/revue-gestion-et-finances-publiques-2018-1-page-7?lang=fr&redirect-ssocas=7080
999 _c1616077
_d1616077